[Event "RA Winter op"]
[Site "Ottawa CAN"]
[Date "2024.01.19"]
[Round "1.1"]
[White "Wang, Derek"]
[Black "Sambuev, Bator"]
[Result "0-1"]
[WhiteElo "2103"]
[BlackElo "2576"]
[PlyCount "86"]
[EventDate "2024.01.19"]
[EventType "swiss"]
[EventRounds "5"]
[EventCountry "CAN"]

1. d4 Nf6 2. Bf4 d6 3. Nc3 Nc6 4. e3 g6 5. h3 Bg7 6. Nf3 O-O 7. Be2 Bf5 8. O-O
Re8 9. Nh4 Bd7 10. Nf3 e5 11. dxe5 Nxe5 12. Nxe5 dxe5 13. Bg5 h6 14. Bxf6 Bxf6
15. Bc4 Bf5 16. e4 Qxd1 17. Raxd1 Bc8 18. Rd3 c6 19. Rf3 Kg7 20. Rd1 Rf8 21.
Rfd3 b5 22. Bb3 Be7 23. a4 b4 24. Nb1 f5 25. Nd2 Bc5 26. Rf3 Rd8 27. Rd3 Bd4
28. Bc4 Rf8 29. Rf3 Bxb2 30. Nb3 a5 31. Rd6 Ra7 32. Rg3 g5 33. Re3 fxe4 34.
Rxe4 Rd7 35. Rxd7+ Bxd7 36. Re2 Bc3 37. Nc5 Bf5 38. g4 Bc8 39. Ne6+ Bxe6 40.
Bxe6 Rd8 41. f3 Rd1+ 42. Kg2 Kf6 43. Bb3 Ke7 0-1

[Event "RA Winter op"]
[Site "Ottawa CAN"]
[Date "2024.01.20"]
[Round "2.1"]
[White "Sambuev, Bator"]
[Black "Saha, Ananda"]
[Result "1-0"]
[WhiteElo "2576"]
[BlackElo "2178"]
[PlyCount "89"]
[EventDate "2024.01.19"]
[EventType "swiss"]
[EventRounds "5"]
[EventCountry "CAN"]

1. Nf3 d5 2. d4 Nf6 3. c4 e6 4. Nc3 Be7 5. Bg5 O-O 6. e3 h6 7. Bh4 b6 8. Qb3
dxc4 9. Bxc4 Nc6 10. Be2 Bb7 11. O-O Nd5 12. Bxe7 Ncxe7 13. Rac1 Nxc3 14. Rxc3
Nd5 15. Rc2 a5 16. a3 a4 17. Qc4 Qd6 18. Rfc1 Rfc8 19. Qd3 Nf6 20. Nd2 Rd8 21.
Nc4 Qe7 22. Qd1 Be4 23. Rd2 Bd5 24. Bf3 Ne4 25. Rdc2 Qh4 26. Qe2 Rab8 27. g3
Qf6 28. Ne5 c5 29. Bg2 Rd6 30. f3 Ng5 31. h4 cxd4 32. Rc8+ Rxc8 33. Rxc8+ Rd8
34. hxg5 Qxg5 35. Rxd8+ Qxd8 36. exd4 Qg5 37. Qe1 Qf5 38. Qc3 Qb1+ 39. Kh2 f6
40. Nd3 Qd1 41. Nf4 Bb3 42. Qc8+ Kh7 43. Nxe6 Bxe6 44. Qxe6 Qxd4 45. Qe4+ 1-0

[Event "RA Winter op"]
[Site "Ottawa CAN"]
[Date "2024.01.20"]
[Round "3.1"]
[White "Adam, Rafael"]
[Black "Sambuev, Bator"]
[Result "0-1"]
[WhiteElo "2262"]
[BlackElo "2576"]
[PlyCount "96"]
[EventDate "2024.01.19"]
[EventType "swiss"]
[EventRounds "5"]
[EventCountry "CAN"]

1. Nf3 d5 2. g3 c5 3. Bg2 Nf6 4. O-O e6 5. d3 Nc6 6. Nbd2 Be7 7. e4 Qc7 8. Re1
b6 9. Qe2 Bb7 10. e5 Nd7 11. h4 h6 12. h5 O-O 13. Nf1 Nd4 14. Nxd4 cxd4 15. Bf4
Rac8 16. Rec1 Bg5 17. c3 Bxf4 18. gxf4 f5 19. Qd2 dxc3 20. Rxc3 Qb8 21. d4 Rxc3
22. Qxc3 Rc8 23. Qd2 Qc7 24. Ne3 Nb8 25. Kh2 Qe7 26. Kh3 Kh7 27. a3 Nc6 28. Rc1
Qf7 29. Qd1 g6 30. hxg6+ Qxg6 31. Bf3 h5 32. Ng2 Rg8 33. Qa4 Rg7 34. Rc3 Na5
35. Qd1 Nc4 36. Qc1 Ba6 37. b3 Na5 38. a4 h4 39. b4 Nc4 40. b5 Bc8 41. Ne3 Bb7
42. Ng2 a6 43. Qc2 axb5 44. axb5 Bc8 45. Qe2 Bd7 46. Rb3 Be8 47. Ne3 Qg1 48.
Qf1 Rg3+ 0-1

[Event "RA Winter op"]
[Site "Ottawa CAN"]
[Date "2024.01.21"]
[Round "5.1"]
[White "Masse, Hugues"]
[Black "Sambuev, Bator"]
[Result "0-1"]
[WhiteElo "2239"]
[BlackElo "2576"]
[PlyCount "128"]
[EventDate "2024.01.19"]
[EventType "swiss"]
[EventRounds "5"]
[EventCountry "CAN"]

1. d4 Nf6 2. Bf4 e6 3. e3 b6 4. Nf3 Bb7 5. Nbd2 d6 6. h3 Nbd7 7. Be2 Qe7 8. Bh2
g6 9. a4 a5 10. c3 Bg7 11. O-O O-O 12. Re1 e5 13. Nc4 e4 14. Nfd2 Nd5 15. Na3
f5 16. c4 Nb4 17. Nb5 Na6 18. Kh1 g5 19. f4 h6 20. Rf1 c6 21. Nc3 Nb4 22. Na2
c5 23. Nb3 Nxa2 24. Rxa2 Rad8 25. d5 Bc8 26. Nd2 gxf4 27. exf4 e3 28. Nb1 Ba6
29. Qd3 Rde8 30. Nc3 Qh4 31. Raa1 Bd4 32. Rae1 Kh8 33. b3 Nf6 34. Bf3 Re7 35.
Ne2 Ne4 36. Bxe4 Rxe4 37. Nc3 Re7 38. Ne2 Qf6 39. Rd1 Qg7 40. Rf3 Bc8 41. Bg3
Rg8 42. Rg1 Bd7 43. Be1 Re4 44. Rg3 Qf6 45. Rxg8+ Kxg8 46. Rf1 Re7 47. Bc3 Bxc3
48. Nxc3 Qd4 49. Qc2 Be8 50. Kh2 Bh5 51. Qxf5 e2 52. Re1 Qxc3 53. Qxh5 Qxe1 54.
Qg4+ Kf7 55. Qf5+ Kg7 56. Qg4+ Kf6 57. Qg8 Rf7 58. Qh8+ Ke7 59. Qxh6 Qb1 60.
Qe6+ Kf8 61. Qxd6+ Kg8 62. Qd8+ Kg7 63. Qg5+ Qg6 64. Qe5+ Qf6 0-1